| 000 | 01443nam a22002657a 4500 | ||
|---|---|---|---|
| 005 | 20100602101919.0 | ||
| 008 | 100602t xxu||||| |||| 00| 0 hin d | ||
| 010 | _aHIN-89453 | ||
| 020 |
_c500.00 _a9788179320242 |
||
| 035 | _aHN-61799 | ||
| 037 | _bDBAD / Ven | ||
| 040 |
_aDPL _bHN |
||
| 082 | _a230.91 | ||
| 100 |
_aवर्मा, जे.के. _918087 |
||
| 245 |
_aहमारे पूज्य तीर्थ-स्थल / _cजे.के.वर्मा |
||
| 246 |
_aHamarai pujay tirth-sthal/ _bbyJ.K. Varma |
||
| 260 |
_aदिल्ली _bराजा पॉकेट बुक्स _c2010 |
||
| 270 |
_a330/1, मेन रोड, बुराड़ी _bदिल्ली _e110084 _k011-27611410, 27611038, 27612036, 2761203 _mrajam@nda.vsnl.net.in |
||
| 300 |
_a345पृ _c22सेमी (सजिल्द) _bसचित्र |
||
| 650 |
_aधार्मिक स्थल _918088 |
||
| 650 |
_aHoly places _918089 |
||
| 942 |
_2ddc _cHN _mवर्माजे |
||
| 999 |
_c36469 _d36469 |
||